Дело о выкупе земельных наделов временнообязанными крестьянами Г.А. Спечинского деревни Божидаевой Карачевского уезда Орловской ...

Доступно только в Электронных читальных залах Найти на картеНа карте
RUSMARC
00004099nmc2a2200000 x 450
001c74be3b6-b7f4-4910-947c-286aab1f343f
00520170914002706.0
100##$a20140331l18721875k l0rusy0189 ca
1010#$arus
102##$aRU
2001#$aДело о выкупе земельных наделов временнообязанными крестьянами Г.А. Спечинского деревни Божидаевой Карачевского уезда Орловской губернии
$j11 декабря 1872 г. - 25 апреля 1875 г.
251##$cДело
300##$aДело
300##$aОриг. заголовок дела: Дело Спечинского Г.А. Орловской губернии Карачевского уезда деревни Божидаевой. 11 декабря 1872 г. - 25 апреля 1875 г
801#0$aRU
$bРГИА
$c20140331
$gRCR
801#1$aRU
$bГлавНИВЦ
$c20140331
$2rusmarc
801#2$aRU
$bПБ им. Б.Н. Ельцина
$c20170914
$gRCR
$2rusmarc
850##$aРГИА
852##$aРГИА
$eФедеральное казенное учреждение "Российский государственный исторический архив" (РГИА)
$j1265
937##$hРГИА
$d11029644
$aASBIBLIO_SCAN
462#0$10012327ab3a-0548-404e-b4cb-e37355ac5039
$12001
$a1863-1889 гг.
$1251
$cОпись
$1852
$j26
461#0$10018ef30ad5-ff5c-4840-a721-74c62a200f95
$12001
$aГлавное выкупное учреждение Министерства финансов
$1251
$cФонд
$1852
$j577
215##$a42 л.
$d36,5x26 см
371##$aДокумент не является опубликованным и широко распространяемым
105##$aу###
5171#$aДело Спечинского Г.А. Орловской губернии Карачевского уезда деревни Божидаевой. 11 декабря 1872 г. - 25 апреля 1875 г
1222#$ad
035##$ac74be3b6-b7f4-4910-947c-286aab1f343f
856##$uhttp://readingroom.main.prlib.ru/item.aspx?id_node=n104631687&mode=full
Формат отображения